| 000 | 00647nam a2200157 a 4500 | ||
|---|---|---|---|
| 008 | 151113s2009 ||||||||||||||||| || u | ||
| 020 | _a9781846193255 | ||
| 050 | _aRC 58 Had | ||
| 100 | _aHaden, Andy | ||
| 245 | 1 | 0 |
_a4 weeks to finals: a multimedia revision kit for undergraduate medicine _cBy Andy Haden |
| 260 |
_aOxford _bRadcliffe Publishing Ltd _c2009 |
||
| 300 | _axii, 71p.: ill. | ||
| 350 | _a50.95 | ||
| 650 | _aMEDICINE -- EXAMINATIONS, QUESTIONS, ETC | ||
| 995 |
_aMEDICAL LIBRARY OPEN ACCESS _e903266 _FCBU-SCHOOL OF MEDICINE LIBRARY (Ndola) _I50.95 _jRC 58 Had _M1 _UAVAILABLE _WJan 26, 2016 _y903266 _ZMedical Library Open Access Collection |
||
| 999 |
_c30683 _d30683 |
||